La tierra prometida /

Guardat en:
Dades bibliogràfiques
Autor principal: Bourget, Paul (autor)
Format: Llibre
Idioma:espanyol
Publicat: México : Diana, 1945, c1945
Matèries:
Etiquetes: Afegir etiqueta
Sense etiquetes, Sigues el primer a etiquetar aquest registre!

MARC

LEADER 00000nam^a2200000^a^4500
001 000100777
005 20250521000000.0
009 20260310093214.705
037 |a Acervo ITESO - Biblioteca 
041 |a ESP 
082 |a 843.  |b BOU 
100 |a Bourget, Paul  |e (autor) 
245 1 3 |a La tierra prometida /  |c P. Bourget. 
264 4 |a México :  |b Diana,  |c 1945, c1945 
300 |a XVI, 272 p. 
336 |a texto  |b txt  |2 rdacontenido 
337 |a sin mediación  |b n  |2 rdamedio 
338 |a volumen  |b nc  |2 rdasoporte 
500 |a Traducción de: La terre promise 
545 0 |a Paul Bourget (Amiens, 1852 – París, 1935), escritor francés cuya obra inicial recibió fuertes influencias de las tesis e ideas psicológicas de la segunda mitad del siglo XIX, y favoreció a su vez la toma de conciencia finisecular. Son referentes que se muestran en sus descripciones de estados psicológicos y en la decadencia que permea muchas de sus atmósferas. Los Ensayos de psicología contemporánea (1883) y la novela El discípulo (1889) se cuentan entre sus escritos más conocidos. Otros de sus títulos son: Cruel enigma (1885), Un corazón de mujer (1890), Cosmópolis (1892), Dramas de familia (1900), Agua profunda (1902), Un divorcio (1904), El demonio del mediodía (1914), El sentido de la muerte (1915), Lazarina (1917) y Némesis (1918), por citar algunos de su vasta producción. 
649 |a XX 
650 |a Novela Francesa 
650 |a Literatura Francesa -  |y Siglo XIX 
910 |a Fondo Jesús Rodríguez 
920 |a Impresos - Libros 
930 |a Fondos Especiales 
940 |a Literatura 
905 |a 113 
901 |a 0500034979  |b IT2  |c ESP  |u 20250521 
902 |a https://opac.biblio.iteso.mx/vufind/Record/000100777